000 00912cab a22002055a 4500
001 L141591
008 071204e20071130xxk f 000 0 eng d
035 _a(Sirsi) u141591
041 0 _aeng
100 1 _aRawlinson, Simon
245 0 0 _aCost model
_bcar parks
260 _c2007
490 0 _aBuilding
_v272(8508) 30 November 2007, 64-69(6)
520 _aLooks at the key issues and costing involved in car park construction. Outlines why car parks are important, key components of car park design (such as planning dimensions, bay width, aisle width, ramp dimensions, and planning grid), car park efficiency, and typical car park layouts. The cost model is based on a six-level, flat slab car park, with a gross floor area of 17 370m2 and spaces for 580 cars.
590 _aKA
651 4 _aUnited Kingdom
_y
690 _aBUILT ENVIRONMENT-BUILDING COSTS
710 _aDavis Langdon
_94649
942 _n0
999 _c79531
_d79531